Leyendo como una mujer la imagen de la mujer
Salvato in:
| Autore principale: | |
|---|---|
| Natura: | Libro |
| Lingua: | spagnolo |
| Pubblicazione: |
Barcelona
Anthropos
1996
|
| Serie: | Cultura y Diferencia, 93
|
| Soggetti: | |
| Tags: |
Aggiungi Tag
Nessun Tag, puoi essere il primo ad aggiungerne!!
|
MARC
| LEADER | 00000nam a2200000 a 4500 | ||
|---|---|---|---|
| 001 | UCS2489 | ||
| 003 | CL-VaPUC | ||
| 008 | 970530e19960000SP |||||||||||||||||spa|d | ||
| 082 | 0 | 4 | |a 860.9 |b LUN |2 21 |
| 100 | |a Luna, Lola |e autora |9 387954 | ||
| 245 | 1 | 0 | |a Leyendo como una mujer la imagen de la mujer |
| 300 | |a 189 p | ||
| 942 | |c BK | ||
| 945 | |d 19970530 00:00:00 |a rleighto | ||
| 260 | |a Barcelona |b Anthropos |c 1996 | ||
| 650 | 7 | |a FEMINISMO Y LITERATURA |2 CL-VaPUC |9 317650 | |
| 650 | 0 | |a Mujeres en literatura |9 317651 | |
| 650 | 0 | |a Feminismo |9 259085 | |
| 650 | 0 | |a Literatura |9 259151 | |
| 650 | 7 | |a SIGLO DE ORO |2 CL-VaPUC |9 387955 | |
| 583 | |a last modification |c 19970530 00:00:00 |k Rodrigo Vera | ||
| 490 | 0 | |a Cultura y Diferencia, 93 | |
| 999 | |c 260442 |d 260440 | ||
| 952 | |0 0 |1 0 |4 0 |6 860_900000000000000_LUN_1996 |7 0 |8 A |9 286588 |a FDOPOS |b FDOPOS |d 2019-11-19 |i 3314154 |o 860.9 LUN 1996 |p 3314154 |r 2025-01-22 |w 2019-11-19 |y BK |k MLH | ||